000
00312nam a2200133Ia 4500
008
191201s2012 xx 000 0 und d
100
_a
SHARMA, RC
245
0
_a
Business Correspondence and Report Writing
250
_a
Rep
260
_a
N. Delhi
_b
TMH
_c
2012
300
_a
415
650
_a
BBA
942
_2
ddc
_c
BK
999
_c
5785
_d
5785